000
00290nam a2200121 a 4500
008
101025s1986|||| d
100
1
_a
Ibráhím, Džabrá
245
1
0
_a
Svet, ktroý nieje na mape
260
_b
Tatran
_a
Bratislava
_c
1986
020
_c
25
041
_a
slo
044
_a
xo
_c
SK
999
_c
12198
_d
12198